000 00312 a2200157 4500
001 171046
020 _a
040 _cMagnum
100 _aCosta, Paulo Riani
240 1 0 _aTeo, o menino azul
_lpor
245 1 0 _aTeo, o menino azul
362 0 _a1899
440 1 _aLĂȘ
697 _aINFANTIL
942 _cBK
999 _c171046
_d171046